000 01663nam a22004577a 4500
003 CHAP
005 20220817041658.0
008 971013s1965 r 00010 d
010 _a21389
011 _a22361
035 _a26456
040 _cCHAP
082 _a338.10972
_bC5
245 _aCiclo de conferencias sobre problemas agropecuarios (1) 1965-
260 _aMéxico, D.F. :
_bIEPES,
_c1965-
300 _av.
_b: ilus.
490 _aIEPES. Documentos
500 _aLa biblioteca tiene: 1965
590 _aBATCH-UPD
_b10
_c20130110
_lUCH01
_h0116
590 _aBATCH-UPD
_b10
_c20130110
_lUCH01
_h1234
590 _aBATCH-UPD
_b10
_c20130410
_lUCH01
_h0803
590 _aBATCH-UPD
_b10
_c20130914
_lUCH01
_h0309
590 _aCONVERSION
_b10
_c20130109
_lUCH01
_h1313
650 1 4 _aAgricultura
_xRegiones áridas.
_91781
650 1 4 _aAgua
_xAlmacenamiento.
_92279
650 1 4 _aAlianza para el progreso.
_94095
650 1 4 _aDesarrollo de la comunidad rural.
_931995
650 1 4 _aDistritos de riego.
_932966
650 1 4 _aFertilizantes.
_940447
650 1 4 _aMéxico
_xCondiciones económicas.
650 1 4 _aPolítica agrícola
_zMéxico.
650 1 4 _aPolítica forestal
_zMéxico.
_990610
650 1 4 _aRegiones áridas
_xAgricultura.
_995670
710 0 _aInstituto de Estudios Políticos, Económicos y Sociales. México.
_959122
830 0 _aIEPES. Documentos
_957323
901 _aBK
942 _cLIBRO
949 _a338.10972 C5
_bBC
_cBPP
_d-61055
_eBPP
_f1965
_h146
_i26456
_si
949 _a338.10972 C5
_bBC
_cBPP
_d-61056
_eBPP
_f1965 c.2
_h40956
_i26456
_si
949 _a338.10972 C5
_bBC
_cLIBRO
_d33724000347464
_eLIBRO
_f1965 c.3
_h41588
_i26456
_si
999 _c21389
_d21389